| 000 | 00507nam a22001457a 4500 | ||
|---|---|---|---|
| 008 | 140819b xxu||||| |||| 00| 0 eng d | ||
| 020 | _a040609621 | ||
| 050 | _aKD279.4.L39(1981) | ||
| 245 |
_aThe Law Reports(1981): Family Division. / _cedited by Carol Ellis and assisted by Alan Bray |
||
| 260 |
_aLondon: _bThe Incorporated council of law reporting for England and Wales, _c1981. |
||
| 300 |
_avii, 175p. _c24cm. |
||
| 440 | _pFamily Division 1981 | ||
| 800 |
_aEllis, Carol _aBray, Alan |
||
| 942 |
_2lcc _cBK |
||
| 999 |
_c3480 _d10980 |
||